[Event "Wch Seniors 23rd"]
[Site "Opatija"]
[Date "2013.11.16"]
[Round "5"]
[White "Titz, Heimo"]
[Black "Blaeser, Romain"]
[Result "1/2-1/2"]
[WhiteElo "2174"]
[BlackElo "1971"]
[PlyCount "38"]
[EventDate "2013.11.12"]
[EventType "swiss"]
[EventRounds "11"]
[EventCountry "CRO"]
[SourceTitle "CBM 157 Extra"]
[Source "ChessBase"]
[SourceDate "2013.12.19"]
[SourceVersion "1"]
[SourceVersionDate "2013.12.19"]
[SourceQuality "1"]

1. c4 b6 2. Nc3 e6 3. a3 Bb7 4. d4 f5 5. Nf3 Nf6 6. g3 Be7 7. Bg2 0-0 8. 0-0 Ne4 9. Qc2 Nxc3 10. Qxc3 Bf6 11. Be3 Na6 12. b4 c5 13. Qd2 Qe7 14. Rac1 cxb4 15. axb4 Qxb4 16. Qa2 Qe7 17. Bd2 Rfc8 18. Rfd1 d6 19. e3 Kh8 1/2-1/2

[Event "Ortisei Server24 op 1st"]
[Site "Ortisei"]
[Date "2012.06.08"]
[Round "7"]
[White "Lehnert, Michael"]
[Black "Blaeser, Romain"]
[Result "1/2-1/2"]
[WhiteElo "2026"]
[BlackElo "1991"]
[PlyCount "37"]
[EventDate "2012.06.02"]
[EventType "swiss"]
[EventRounds "9"]
[EventCountry "ITA"]
[SourceTitle "EXT 2014"]
[Source "ChessBase"]
[SourceDate "2013.11.20"]
[SourceVersion "1"]
[SourceVersionDate "2013.11.20"]
[SourceQuality "1"]

1. c4 g6 2. g3 Bg7 3. Bg2 c5 4. Nc3 Nc6 5. e3 b6 6. Nge2 Bb7 7. d4 Rb8 8. d5 Na5 9. Qd3 d6 10. 0-0 Nf6 11. e4 0-0 12. f4 Nd7 13. Be3 a6 14. a3 b5 15. cxb5 c4 16. Qc2 axb5 17. Rad1 Ba8 18. Na2 Nc5 19. Nb4 1/2-1/2

[Event "Ortisei Server24 op 1st"]
[Site "Ortisei"]
[Date "2012.06.06"]
[Round "5"]
[White "Blaeser, Romain"]
[Black "Villa, Giorgio"]
[Result "0-1"]
[WhiteElo "1991"]
[BlackElo "1936"]
[PlyCount "64"]
[EventDate "2012.06.02"]
[EventType "swiss"]
[EventRounds "9"]
[EventCountry "ITA"]
[SourceTitle "EXT 2014"]
[Source "ChessBase"]
[SourceDate "2013.11.20"]
[SourceVersion "1"]
[SourceVersionDate "2013.11.20"]
[SourceQuality "1"]

1. d4 d5 2. Bf4 Nf6 3. c3 c6 4. Nf3 Bf5 5. Nbd2 e6 6. Nh4 Bg6 7. Nxg6 hxg6 8. Qb3 Qb6 9. a4 Nbd7 10. a5 Qxb3 11. Nxb3 Nh5 12. Bd2 Bd6 13. g3 Nhf6 14. Bg2 Ke7 15. Bg5 b6 16. e4 dxe4 17. Bxe4 Rac8 18. axb6 axb6 19. 0-0 Rh5 20. h4 Rxg5 21. Bxc6 Rh5 22. Bf3 Rhh8 23. Rfe1 Rhd8 24. d5 e5 25. Nd4 Kf8 26. Nc6 Re8 27. c4 Nb8 28. Ra8 Nxc6 29. Rxc8 Rxc8 30. dxc6 e4 31. Bxe4 Nxe4 32. Rxe4 Rxc6 0-1

[Event "Ortisei Server24 op 1st"]
[Site "Ortisei"]
[Date "2012.06.02"]
[Round "1"]
[White "Blaeser, Romain"]
[Black "Fierro Baquero, Martha Lorena"]
[Result "0-1"]
[WhiteElo "1991"]
[BlackElo "2377"]
[PlyCount "130"]
[EventDate "2012.06.02"]
[EventType "swiss"]
[EventRounds "9"]
[EventCountry "ITA"]
[SourceTitle "EXT 2014"]
[Source "ChessBase"]
[SourceDate "2013.11.20"]
[SourceVersion "1"]
[SourceVersionDate "2013.11.20"]
[SourceQuality "1"]

1. g3 g6 2. Bg2 Bg7 3. c4 Nf6 4. Nc3 0-0 5. Nf3 d6 6. 0-0 c6 7. d3 e5 8. Bg5 h6 9. Bd2 Re8 10. e4 d5 11. Re1 d4 12. Ne2 a5 13. Rf1 Nbd7 14. Ne1 Nc5 15. b3 Nh5 16. Nc1 Be6 17. f4 exf4 18. gxf4 Qh4 19. Nf3 Qe7 20. Qe1 Qc7 21. Nh4 Bg4 22. Kh1 b6 23. Qf2 Rad8 24. Rg1 Bc8 25. a3 b5 26. Bf1 a4 27. b4 Nb3 28. Nxb3 axb3 29. c5 Nf6 30. f5 g5 31. Nf3 Qd7 32. Rb1 Qa7 33. Bc1 Qe7 34. Nd2 Nd7 35. Nxb3 Ne5 36. Be2 Nc4 37. Na5 Nxa5 38. bxa5 Be5 39. h4 f6 40. Bd2 Rf8 41. Bh5 Bd7 42. a4 bxa4 43. Rb7 Rb8 44. Rgb1 Qxc5 45. Bb4 Rxb7 46. Qa2+ Be6 47. fxe6 Rxb4 48. Rxb4 Qxb4 49. e7+ Qb3 50. Qxb3+ axb3 51. exf8Q+ Kxf8 52. Bd1 b2 53. Bc2 Ke7 54. hxg5 fxg5 55. Kg2 h5 56. a6 Bb8 57. Bb1 Kf6 58. Ba2 g4 59. Bb1 h4 60. Ba2 Ke5 61. Bb1 Kf4 62. Bc2 h3+ 63. Kf1 g3 64. Kg1 c5 65. Bb1 Ke3 0-1

[Event "Luxembourg-chT 1112"]
[Site "Luxembourg"]
[Date "2012.03.03"]
[Round "10"]
[White "Kries, Yvon"]
[Black "Blaeser, Romain"]
[Result "0-1"]
[WhiteElo "1782"]
[BlackElo "1971"]
[PlyCount "136"]
[EventDate "2011.10.??"]
[EventType "team-tourn"]
[EventRounds "10"]
[EventCountry "LUX"]
[SourceTitle "EXT 2017"]
[Source "ChessBase"]
[SourceDate "2016.10.25"]
[SourceVersion "1"]
[SourceVersionDate "2016.10.25"]
[SourceQuality "1"]

1. d4 g6 2. c4 Bg7 3. Nf3 c5 4. g3 cxd4 5. Nxd4 Nc6 6. Nxc6 bxc6 7. Bg2 Nf6 8. 0-0 0-0 9. Nc3 Rb8 10. Rb1 Qa5 11. Qa4 Qxa4 12. Nxa4 d5 13. cxd5 cxd5 14. Bf4 Rb4 15. b3 Bf5 16. Rbc1 Ne4 17. Rc7 e5 18. Bc1 Rc8 19. Rxa7 Rc2 20. Ra8+ Rc8 21. Rxc8+ Bxc8 22. Ba3 Rb8 23. Bxe4 dxe4 24. Rd1 Bg4 25. Kf1 h5 26. Bc5 Bf6 27. Nb6 Kg7 28. a4 Bd8 29. a5 Bxb6 30. Bxb6 Bc8 31. Rd8 Bh3+ 32. Ke1 Rxd8 33. Bxd8 Be6 34. b4 Bc4 35. Kd2 f5 36. Ke3 Kf7 37. f3 exf3 38. Kxf3 Bb5 39. Bc7 Ke6 40. h4 Ba6 41. Ke3 Kd5 42. Kd2 Bb5 43. Ke3 Ba6 44. Bb6 Bb5 45. Kd2 Ba6 46. e3 Kc4 47. Bc5 Bb5 48. Ke1 Kd5 49. Kf2 Ke4 50. Kg2 Ba6 51. Kf2 Bb5 52. Be7 Ba6 53. Bg5 Bb5 54. Ke1 Kf3 55. Kd2 Kxg3 56. Bf6 Kg4 57. Ke1 Kf3 58. Bxe5 Kxe3 59. Bf6 f4 60. Bg5 Kf3 61. Bh6 Kg3 62. Bg5 f3 63. Be3 Kxh4 64. Bf4 Kg4 65. Bh2 Kh3 66. Bg1 Kg2 67. Bf2 g5 68. Be3 g4 0-1

[Event "Bad Woerishofen op 28th"]
[Site "Bad Woerishofen"]
[Date "2012.03.02"]
[Round "1"]
[White "Blaeser, Romain"]
[Black "Pap, Misa"]
[Result "0-1"]
[WhiteElo "2022"]
[BlackElo "2501"]
[PlyCount "68"]
[EventDate "2012.03.02"]
[EventType "swiss"]
[EventRounds "9"]
[EventCountry "GER"]
[SourceTitle "EXT 2019"]
[Source "ChessBase"]
[SourceDate "2018.10.10"]
[SourceVersion "1"]
[SourceVersionDate "2018.10.10"]
[SourceQuality "1"]

1. g3 g6 2. Bg2 Bg7 3. Nf3 c5 4. d3 Nc6 5. e4 e6 6. 0-0 Nge7 7. c3 0-0 8. Na3 d5 9. Bf4 a6 10. Qd2 e5 11. Bh6 d4 12. cxd4 Nxd4 13. Nxd4 Bxh6 14. Qxh6 Qxd4 15. Qe3 Be6 16. Qxd4 cxd4 17. f4 f6 18. b3 Rfc8 19. fxe5 fxe5 20. Nc4 Bxc4 21. bxc4 b5 22. Bh3 Rc6 23. Rac1 Kg7 24. Bd7 Rd6 25. Bg4 Ra7 26. cxb5 axb5 27. Rc5 h5 28. Bd1 Nc6 29. Rxb5 Rxa2 30. Rb7+ Kh6 31. Rff7 Nd8 32. Rh7+ Kg5 33. h4+ Kf6 34. Bxh5 Nxb7 0-1

[Event "Bad Woerishofen op 27th"]
[Site "Bad Woerishofen"]
[Date "2011.03.25"]
[Round "2"]
[White "Blaeser, Romain"]
[Black "Ugolik, Witaly"]
[Result "1/2-1/2"]
[WhiteElo "2082"]
[BlackElo "2247"]
[PlyCount "69"]
[EventDate "2011.03.24"]
[EventType "swiss"]
[EventRounds "9"]
[EventCountry "GER"]
[SourceTitle "EXT 2012"]
[Source "ChessBase"]
[SourceDate "2011.11.24"]
[SourceVersion "1"]
[SourceVersionDate "2011.11.24"]
[SourceQuality "1"]

1. d4 Nf6 2. Nf3 e6 3. Bf4 d5 4. Nbd2 Bd6 5. Bg3 0-0 6. e3 b6 7. Bd3 Bb7 8. 0-0 Bxg3 9. hxg3 c5 10. c4 Nbd7 11. Rc1 Qe7 12. Qe2 cxd4 13. exd4 dxc4 14. Nxc4 Nd5 15. a3 Rac8 16. Nce5 N7f6 17. Ng5 h6 18. Nh3 Rxc1 19. Rxc1 Qd6 20. Rd1 Ne7 21. Nf4 Nf5 22. Bxf5 exf5 23. Nc4 Qd8 24. Qe5 Be4 25. Nd6 Ng4 26. Ne6 Nxe5 27. Nxd8 Nd3 28. Nxe4 fxe4 29. Nc6 Nxb2 30. Rb1 Nc4 31. Nxa7 Ra8 32. Nb5 e3 33. fxe3 Nxe3 34. Rb3 Nd5 35. Nc3 1/2-1/2

[Event "Wch Seniors 20th"]
[Site "Arco"]
[Date "2010.11.05"]
[Round "10"]
[White "Blaeser, Romain"]
[Black "Zunker, Reinhard"]
[Result "0-1"]
[WhiteElo "2116"]
[BlackElo "2198"]
[PlyCount "32"]
[EventDate "2010.10.26"]
[EventType "swiss"]
[EventRounds "11"]
[EventCountry "ITA"]
[SourceTitle "EXT 2011"]
[Source "ChessBase"]
[SourceDate "2010.11.26"]
[SourceVersion "1"]
[SourceVersionDate "2010.11.26"]
[SourceQuality "1"]

1. d4 d6 2. e4 g6 3. Nc3 Bg7 4. Be3 a6 5. Nf3 Nf6 6. h3 0-0 7. Qd2 b5 8. Bd3 Bb7 9. a3 Re8 10. 0-0 e5 11. dxe5 dxe5 12. Rad1 Nbd7 13. Rfe1 Qe7 14. Bg5 Qf8 15. a4 b4 16. Nd5 Bxd5 0-1

[Event "EU-chT Seniors 12th"]
[Site "Dresden"]
[Date "2010.02.11"]
[Round "2"]
[White "Saharinen, Petri"]
[Black "Blaeser, Romain"]
[Result "1-0"]
[WhiteElo "1857"]
[BlackElo "2163"]
[PlyCount "101"]
[EventDate "2010.02.10"]
[EventType "team-swiss"]
[EventRounds "9"]
[EventCountry "GER"]
[SourceTitle "CBM 134 Extra"]
[Source "ChessBase"]
[SourceDate "2010.03.03"]
[SourceVersion "1"]
[SourceVersionDate "2010.03.03"]
[SourceQuality "1"]
[WhiteTeam "Helsinki (Seniors)"]
[BlackTeam "Luxembourg (Seniors)"]
[WhiteTeamCountry "FIN"]
[BlackTeamCountry "LUX"]

1. d4 Nf6 2. c4 d6 3. Nf3 g6 4. Nc3 Bg7 5. e4 0-0 6. h3 e5 7. d5 Nh5 8. Be3 a6 9. a4 Qe8 10. Bd3 f5 11. 0-0 f4 12. Bd2 Bf6 13. Nh2 Ng7 14. Ng4 h5 15. Nxf6+ Rxf6 16. Be2 Qf7 17. Kh2 g5 18. f3 Nd7 19. Be1 h4 20. Bf2 Nh5 21. Bd3 Ng3 22. Re1 Nf8 23. c5 Nh7 24. cxd6 cxd6 25. Ne2 g4 26. Ng1 Ng5 27. fxg4 f3 28. Qd2 Rf4 29. gxf3 Nxf3+ 30. Nxf3 Rxf3 31. Qg5+ Qg7 32. Qd2 Bd7 33. Rg1 Raf8 34. Rg2 Qf6 35. Kg1 Qg6 36. Rc1 Qf6 37. a5 Bb5 38. Bxb5 Nxe4 39. Qe1 Nxf2 40. Be2 Nxh3+ 41. Kh2 Qf4+ 42. Kh1 Rf2 43. Qc3 Qe4 44. Qxh3 Rxe2 45. g5 Qxd5 46. g6 Rxb2 47. g7 Re8 48. Rc8 Rb1+ 49. Kh2 Qf7 50. Rxe8+ Qxe8 51. Qxh4 1-0

[Event "EU-ch Seniors 09th"]
[Site "Rogaska Slatina"]
[Date "2009.07.25"]
[Round "4"]
[White "Blaeser, Romain"]
[Black "Gruzmann, Boris"]
[Result "0-1"]
[WhiteElo "2191"]
[BlackElo "2236"]
[PlyCount "47"]
[EventDate "2009.07.22"]
[EventType "swiss"]
[EventRounds "9"]
[EventCountry "SLO"]
[SourceTitle "CBM 131 Extra"]
[Source "ChessBase"]
[SourceDate "2009.09.03"]
[SourceVersion "2"]
[SourceVersionDate "2009.09.16"]
[SourceQuality "1"]

1. d4 Nf6 2. Nf3 g6 3. Bg5 Ne4 4. Bh4 c5 5. c3 Bg7 6. Nbd2 d5 7. e3 cxd4 8. cxd4 Nd6 9. Be2 Nc6 10. 0-0 0-0 11. Ne1 Nf5 12. Bg5 f6 13. Bf4 e5 14. dxe5 fxe5 15. Bg3 h5 16. h3 Nxg3 17. fxg3 Rxf1+ 18. Nxf1 Be6 19. Nf3 e4 20. Nd4 Nxd4 21. exd4 Qb6 22. Kh2 Qxd4 23. Bxh5 gxh5 24. Qxh5 0-1

[Event "EU-chT Seniors 11th"]
[Site "Velden"]
[Date "2009.04.12"]
[Round "8"]
[White "Blaeser, Romain"]
[Black "Laco, Giuseppe"]
[Result "1/2-1/2"]
[WhiteElo "2235"]
[BlackElo "2133"]
[PlyCount "93"]
[EventDate "2009.04.05"]
[EventType "team-swiss"]
[EventRounds "9"]
[EventCountry "AUT"]
[SourceTitle "CBM 129 Extra"]
[Source "ChessBase"]
[SourceDate "2009.05.05"]
[SourceVersion "2"]
[SourceVersionDate "2009.05.20"]
[SourceQuality "1"]

1. Nf3 c5 2. g3 Nc6 3. Bg2 e5 4. d3 d5 5. Nbd2 f6 6. e4 d4 7. a4 Be6 8. b3 a6 9. 0-0 Rb8 10. Nh4 g5 11. Nf5 h5 12. f4 g4 13. fxe5 fxe5 14. Nc4 Kd7 15. Bd2 Nh6 16. Qc1 Nf7 17. a5 Bxc4 18. bxc4 Ke8 19. Rf2 Rg8 20. Nh4 Be7 21. Qf1 Ng5 22. Rf5 Qd6 23. Qf2 Kd7 24. Kh1 Rbf8 25. Rf1 Ne6 26. Qe1 Bxh4 27. gxh4 Ng7 28. Rf7+ Kc8 29. Qf2 Re8 30. Rb1 Nd8 31. Rf6 Ref8 32. Rf1 Nde6 33. Qe1 Rxf6 34. Rxf6 Qe7 35. Rf1 Rf8 36. Rxf8+ Qxf8 37. Qg3 Nf4 38. h3 gxh3 39. Bxh3+ Nxh3 40. Qxh3+ Kc7 41. Qg2 Ne6 42. Bg5 Kd6 43. Qe2 Qf7 44. Qd1 Kd7 45. Qb1 Ke8 46. Qb6 Qd7 47. Kg1 1/2-1/2

[Event "EU-chT Seniors 11th"]
[Site "Velden"]
[Date "2009.04.07"]
[Round "3"]
[White "Weber, Bernd"]
[Black "Blaeser, Romain"]
[Result "1-0"]
[WhiteElo "2143"]
[BlackElo "2235"]
[PlyCount "88"]
[EventDate "2009.04.05"]
[EventType "team-swiss"]
[EventRounds "9"]
[EventCountry "AUT"]
[SourceTitle "CBM 129 Extra"]
[Source "ChessBase"]
[SourceDate "2009.05.05"]
[SourceVersion "2"]
[SourceVersionDate "2009.05.20"]
[SourceQuality "1"]

1. d4 Nf6 2. Nf3 g6 3. c4 Bg7 4. Nc3 d6 5. e4 0-0 6. Be2 c6 7. 0-0 a6 8. a4 b6 9. Ne1 e5 10. Be3 Re8 11. dxe5 dxe5 12. Qxd8 Rxd8 13. Nf3 Nbd7 14. Rfd1 Re8 15. Rd6 Re6 16. Rxe6 fxe6 17. Ng5 Nc5 18. Rd1 Bf8 19. Rd8 Nb7 20. Rd1 c5 21. Nf3 Bd6 22. Ne1 Bd7 23. f3 Ne8 24. Nd3 Na5 25. Nxe5 Bc8 26. Ng4 h5 27. Nf6+ Nxf6 28. Rxd6 Rb8 29. Bf4 Kf7 30. Rd8 Ra8 31. e5 Ne8 32. Ne4 Nb7 33. Rd1 Ra7 34. Ng5+ Kg7 35. Be3 Kg8 36. Nh3 Na5 37. b4 Nb3 38. Rd3 Nd4 39. Bxd4 cxd4 40. Rxd4 Rd7 41. Rxd7 Bxd7 42. a5 bxa5 43. bxa5 Nc7 44. Kf2 Ne8 1-0